| 000 | 00638nam a2200181Ia 4500 | ||
|---|---|---|---|
| 005 | 20250508160114.0 | ||
| 008 | 008 250505s9999 xx 000 0 eng d | ||
| 037 | _aBooks to be hide in OPAC | ||
| 040 |
_aFEDL _beng _cFEDL |
||
| 041 |
_aeng _2eng |
||
| 084 |
_a378.54, DEL/O _qFEDL |
||
| 245 | 0 | _aPapers on the proposal for introducing hindi as an optional medium of examination / instruction in the B A (Honours) course in economics | |
| 245 | 0 | _cDepartment of Economics. Delhi School of Economics University of Delhi | |
| 260 | _c1969 | ||
| 300 | _a95p. | ||
| 942 |
_cHB _h378.54, DEL/O |
||
| 999 |
_c1361759 _d1361759 |
||